Responses for Show #4353 - Wednesday, July 2, 2003

Contestants

[<< previous game]

Dennis McGraw, a teacher from Kapaa, Hawaii

Valerie Schultz, a writer and director of religious education from Tehachapi, California

Tom Guymon, a business manager from Anaheim, California (whose 1-day cash winnings total $10,800)

[next game >>]

Jeopardy! Round responses

UNUSUAL PLACE NAMES
NAVAL VESSELS
PLAGUES ON EGYPT
"M"BRACE ME!
HELLO, SPORTS FANS
HAVE A BEER!
    $200 5
(Alex: You beat Dennis to the punch on that one!)

Hawaii

Tom
    $200 13
minesweeper

Dennis
    $200 24
(Dennis: What are snakes?)

flies

TomDennis
    $200 19
Mayflower

Tom
    $200 7
Triple Crown

Tom
    $200 1
Budweiser

Tom
    $400 12
Washington

Dennis
    $400 14
battleship

Dennis
    $400 25
frogs

Dennis
    $400 20
miller

Tom
    $400 8
Joe Louis

Dennis
    $400 2
Fosters

Tom
    $1,000 16
Braintree

Tom
    $600 15
tender

Tom
    $600 26
locusts

Dennis
    $600 21
"Moon River"

Dennis
    $600 9
Cardinal

Tom
    $600 3
[NOTE: This was the 150,000th clue entered into the J! Archive, 2008-10-24.]

Corona

Triple Stumper
    $800 17
Sourdough

Triple Stumper
    $800 28
submarines

Valerie
    $800 27
the darkness

Triple Stumper
    $800 22
mustard seed

Valerie
    $800 10
backspin

Dennis
    $800 4
(Dennis: What is Pabst Blue Ribbon?)
(Tom: What is Miller?)

Schlitz

TomValerieDennis
    $1000 18
(Dennis: What is Idiot, Texas?)

Lolita

ValerieDennis
    $1000 30
amphibious vessels

Triple Stumper
    $1000 29
lice

Tom
    $1000 23
Tom Mix

Triple Stumper
    $1000 11
Joe Montana & Steve Young

Tom
    $1000 6
Meister Brau

Tom

Scores at the first commercial break (after clue 16):

Tom Valerie Dennis
$4,400 $800 $1,400

Scores at the end of the Jeopardy! Round:

Tom Valerie Dennis
$6,200 $3,400 $1,800

Double Jeopardy! Round responses

EARLY AMERICANS
MOVIE TAGLINES
CHARACTERS IN PLAYS
GEMS & JEWELRY
BEASTLY NAMES
WELL, I'LL BE A '30s WORD
    $400 9
Meriwether Lewis

Tom
    $400 7
Chicago

Tom
    $400 1
Henry Higgins

Tom
    $400 23
Queen Elizabeth II

Dennis
    $400 2
"Bugs"

Dennis
    $400 17
whodunit

Dennis
    $800 18
(Dennis: Who is Washington Irving?)

George Washington

Dennis
Triple Stumper
    $800 8
The Lord of the Rings: The Two Towers

Dennis
    $800 3
Captain Queeg

Tom
    $800 30
pearls

Tom
    $800 13
Vicente Fox

Tom
    $800 29
doodle

Valerie
    $2,000 19
(Dennis: Who is Daniel Webster?)

Noah Webster

Dennis
    $1200 10
Rocky

Tom
    $1200 4
Nora

Valerie
    $1200 22
baguette

Tom
    $1200 14
Stephen Crane

Tom
    $1200 28
burp

Dennis
    $1600 20
Whiskey Rebellion

Tom
    $1600 11
Spider-Man

Triple Stumper
    $2,000 5
Brutus Jones (The Emperor Jones)

Valerie
    $1600 24
(Alex: Minute to go.)

Wedgwood

Triple Stumper
    $1600 15
Tiger Woods

Tom
    $1600 27
riboflavin

Triple Stumper
    $2000 21
Columbia River

Dennis
    $2000 12
Pearl Harbor

Triple Stumper
    $2000 6
Biff & Happy

Triple Stumper
    $2000 25
(Valerie: What is Alexandrine?)
(Dennis: What is Alexander?)

Alexandrite

ValerieDennis
Triple Stumper
    $2000 16
Eugene "Bull" Connor

Triple Stumper
    $2000 26
googol

Valerie

Scores at the end of the Double Jeopardy! Round:

Tom Valerie Dennis
$16,600 $7,400 $2,200
(lock game)

[wagering suggestions for these scores]

Final Jeopardy! Round responses

THE BODY HUMAN
(Alex: We're mostly water, so a lot of molecules of hydrogen; we're very light, I know I am, light-headed!)
DennisWhat is car bon
$2,100
ValerieWhat is carbon?
$1,300
TomWhat is hydrogen?
$1,000
hydrogen

Final scores:

Tom Valerie Dennis
$17,600 $6,100 $100
2-day champion: $28,400 2nd place: $2,000 3rd place: $1,000

Game dynamics:

Coryat scores:

Tom Valerie Dennis
$16,200 $7,000 $4,200
24 R
(including 1 DD),
1 W
8 R
(including 1 DD),
1 W
14 R,
6 W
(including 1 DD)

Combined Coryat: $27,400

[game clues] [game scores] [suggest correction]

Game tape date: 2003-03-04
The J! Archive is created by fans, for fans. Scraping, republication, monetization, and malicious use prohibited; this site may use cookies and collect identifying information. See terms. The Jeopardy! game show and all elements thereof, including but not limited to copyright and trademark thereto, are the property of Jeopardy Productions, Inc. and are protected under law. This website is not affiliated with, sponsored by, or operated by Jeopardy Productions, Inc. Join the discussion at JBoard.tv.